|
|
|
|
| LEADER |
00000nab a2200000 ar4500 |
| 001 |
vtls008418684 |
| 003 |
SK-MaSNL |
| 005 |
20260303070049.0 |
| 008 |
051215c20051205xo sr|p|||||||000 b|slo |
| 015 |
|
|
|a SNBRB2005/12
|2 snkbucl
|
| 038 |
|
|
|a SNKBUCL
|
| 040 |
|
|
|a SNKBUCL
|b slo
|c SNKBUCL
|e AACR2
|
| 041 |
0 |
|
|a slo
|
| 044 |
|
|
|a xo
|c SK
|
| 080 |
|
|
|a 796.342.093.1
|2 UDC-MRF-SK2
|
| 100 |
1 |
|
|a Grosmann, Tomáš
|4 aut
|9 5355
|
| 245 |
1 |
0 |
|a O trofej už nehral kompaktný tím
|b po finále Davisovho pohára 2005 Slovensko - Chorvátsko 2:3
|
| 611 |
2 |
7 |
|a Davisov pohár
|d (2005 :
|c Bratislava, Slovensko)
|2 snkbucl
|9 96699
|
| 650 |
0 |
7 |
|a tenis
|2 snkbucl
|9 3293
|
| 773 |
0 |
|
|t Šport
|g Roč. 59, č. 281 (6.12.2005), s. 28
|x 0139-7001
|
| 852 |
|
|
|a SNK
|b KIS3GCP
|
| 999 |
|
|
|c 1753767
|d 1755697
|